000 00608nam a2200205Ia 4500
003 OSt
005 20251119162254.0
008 210210b1947 xxu||||| |||| 00| 0 eng d
040 _cAL
041 _aKannada
082 _a851/260
100 _aPARAMESHVARA BHATTA (S V)
_dಪರಮೇಶ್ವರ ಭಟ್ಟ (ಎಸ್ ವಿ) .
_9246395
245 _aKannada rutusamhara
_bಕನ್ನಡ ಋುತುಸಂಹಾರ
260 _aMaisuru
_bKavyalaya
_c1947
650 _arutusamhara
_9246396
650 _aKannada
_9246397
690 _aKannada Poetry
_9246398
906 _a018278
942 _2ddc
_cBK
999 _c141402
_d141402